00537 a2200157 450000500170000001000150001702000310003203500140006303700130007708200150009010000180010524500870012326000540021027000800026430000350034420220221125756.0 aENG-130437 a978-93-91370-03-9c1295.00 aEN-113969 bDBAD/PUB a370.954b1 aMaithreyi, R. aEducating Youth:bRegulation through psychosocial skilling in India/cR. Maithreyi aNew DelhibSage Publications India Pvt Ltd.c2021 aB-I/I-I, Mohan Cooperative Industrial Area, Mathura RoadbNew Delhie110044 axiii, 275p.c22cm (pbk)bIndex